01153cam a2200289 a 45000010009000000050017000090080041000260100017000670200026000840200023001100400018001330420008001510500025001590820014001841000024001982450133002222600066003553000036004214900065004575040051005226500030005737000028006039060045006319420012006769990017006889520158007051609948620170105102347.0100222s2010 enka b 001 0 eng  a 2010003984 a9780470997659 (cloth) a0470997656 (cloth) aDLCcDLCdDLC apcc00aTK7872.D48bD37 201000a681.22221 aDargie, Waltenegus.10aFundamentals of wireless sensor networks : theory and practice btheory and practice cWaltenegus Dargie, Christian Poellabauer. aChichester, West Sussex, U.K. ;aHoboken, NJ :bWiley,c2010. axviii, 311 p. :bill. ;c25 cm.0 aWiley series on wireless communications and mobile computing aIncludes bibliographical references and index. 0aWireless sensor networks.1 aPoellabauer, Christian. a7bcbccorignewd1eecipf20gy-gencatlg 2ddccBK c11724d11724 001040708NFICaCLbCLcGENd2013-04-09eProgressive International Agenciesg9926.51l2o681.2 DARpSEECS012219r2016-03-28s2016-03-24w2013-04-15yBK